Global analysis - studies and applications II

Uloženo v:
Podrobná bibliografie
Hlavní autoři: Borisovich, Y. G (Autor), Gliklikh, Y. E (Autor)
Médium: Kniha
Jazyk:angličtina
Vydáno: Berlín Springer-Verlag 1986
Edice:Lecture Notes in Mathematics, 1214
Témata:
Tagy: Přidat tag
Žádné tagy, Buďte první, kdo vytvoří štítek k tomuto záznamu!

MARC

LEADER 00000nam a2200000 a 4500
001 UCP1064
003 CL-VaPUC
008 990326e19860000GW |||||||||||||||||eng|d
082 0 4 |a 514.74  |b BOR  |2 21 
100 0 |a Borisovich, Y. G  |e author  |9 426829 
700 0 |a Gliklikh, Y. E  |e author  |9 426830 
245 1 0 |a Global analysis - studies and applications II 
300 |a 275 p 
942 |c BK 
945 |d 19990326 00:00:00  |a crobeson 
260 |a Berlín  |b Springer-Verlag  |c 1986 
650 0 |a Análisis global  |9 423989 
650 0 |a Topología analítica  |9 423987 
650 0 |a Ecuaciones diferenciales  |9 260083 
650 0 |a Geometría diferencial   |9 315147 
583 |a last modification  |c 19990326 00:00:00  |k Rodrigo Vera 
490 0 |a Lecture Notes in Mathematics, 1214 
999 |c 279781  |d 279779 
952 |0 0  |1 0  |4 0  |6 514_740000000000000_BOR_1986  |7 0  |8 A  |9 319562  |a BIBMAT  |b BIBMAT  |d 2019-11-20  |i 1333933  |o 514.74 BOR 1986  |p 1333933  |r 2025-01-07  |w 2019-11-20  |y BK  |k MAT